WWE Champions by Year - 2022 - Statistics

General Stats
  • This quiz has been taken 508 times
    215 since last reset
  • The average score is 47 of 81
Answer Stats
Title Date Event Wrestler % Correct
WWE Championship April 3 WrestleMania 38 Roman Reigns
98%
WWE Championship January 1 Day 1 Brock Lesnar
96%
WWE Championship February 19 Elimination Chamber Brock Lesnar
96%
Smackdown Women's December 30 Smackdown Charlotte Flair
91%
WWE Championship January 29 Royal Rumble Bobby Lashley
88%
United States July 2 Money in the Bank Bobby Lashley
88%
24/7 June 23 Main Event R-Truth
86%
Raw Women's April 2 WrestleMania 38 Bianca Belair
85%
Raw Tag Team May 20 Smackdown Jey Uso
84%
Raw Tag Team May 20 Smackdown Jimmy Uso
84%
United States October 10 Raw Seth Rollins
84%
Intercontinental February 18 Smackdown Sami Zayn
80%
Smackdown Women's July 2 Money in the Bank Liv Morgan
79%
Women's Tag Team April 3 WrestleMania 38 Sasha Banks
79%
Intercontinental June 10 Smackdown Gunther
77%
Women's Tag Team April 3 WrestleMania 38 Naomi
77%
Raw Tag Team March 7 Raw Randy Orton
76%
Raw Tag Team March 7 Raw Matt Riddle
75%
Smackdown Women's May 8 WrestleMania Backlash Ronda Rousey
75%
Smackdown Women's October 8 Extreme Rules Ronda Rousey
75%
Women's Tag Team October 31 Raw Asuka
73%
Women's Tag Team October 31 Raw Alexa Bliss
72%
24/7 July 18 Raw Alexa Bliss
72%
United States April 18 Raw Austin Theory
71%
United States November 26 Survivor Series Austin Theory
71%
United States February 28 Raw Finn Balor
71%
Intercontinental March 4 Smackdown Ricochet
71%
Women's Tag Team September 12 Raw Iyo Sky
69%
Women's Tag Team November 5 Crown Jewel Iyo Sky
69%
24/7 October 29 Live event Nikki Cross
66%
24/7 October 30 Live event Nikki Cross
66%
24/7 November 7 Raw Nikki Cross
66%
24/7 May 2 Raw Nikki A.S.H.
65%
24/7 June 23 Main Event Nikki A.S.H.
65%
24/7 July 18 Raw Nikki A.S.H.
65%
24/7 August 20 Live event Nikki A.S.H.
65%
24/7 August 21 Live event Nikki A.S.H.
65%
24/7 September 10 Live event Nikki A.S.H.
65%
24/7 September 24 Live event Nikki A.S.H.
65%
24/7 September 24 Live event Nikki A.S.H.
65%
Women's Tag Team September 12 Raw Dakota Kai
63%
Women's Tag Team November 5 Crown Jewel Dakota Kai
63%
Raw Tag Team January 10 Raw Chad Gable
62%
Raw Tag Team January 10 Raw Otis
60%
24/7 April 18 Raw Akira Tozawa
50%
24/7 May 30 Raw Akira Tozawa
50%
24/7 June 23 Main Event Akira Tozawa
50%
24/7 July 18 Raw Akira Tozawa
50%
Women's Tag Team August 29 Raw Raquel Rodriguez
46%
24/7 July 9 Live event Carmella
44%
24/7 July 10 Live event Carmella
44%
24/7 April 18 Raw Tamina Snuka
41%
24/7 May 30 Raw Tamina Snuka
41%
24/7 July 18 Raw Tamina Snuka
41%
24/7 August 20 Live event Tamina Snuka
41%
24/7 August 21 Live event Tamina Snuka
41%
24/7 September 10 Live event Tamina Snuka
41%
24/7 October 29 Live event Tamina Snuka
41%
24/7 October 30 Live event Tamina Snuka
41%
24/7 February 14 Raw Dana Brooke
39%
24/7 April 18 Raw Dana Brooke
39%
24/7 May 2 Raw Dana Brooke
39%
24/7 June 6 Raw Dana Brooke
39%
24/7 June 23 Main Event Dana Brooke
39%
24/7 July 9 Live event Dana Brooke
39%
24/7 July 10 Live event Dana Brooke
39%
24/7 July 18 Raw Dana Brooke
39%
24/7 August 20 Live event Dana Brooke
39%
24/7 August 21 Live event Dana Brooke
39%
24/7 September 10 Live event Dana Brooke
39%
24/7 September 24 Live event Dana Brooke
39%
24/7 October 29 Live event Dana Brooke
39%
24/7 October 30 Live event Dana Brooke
39%
Women's Tag Team August 29 Raw Aliyah
36%
24/7 February 14 Raw Reggie
27%
24/7 April 18 Raw Reggie
27%
24/7 June 23 Main Event Doudrop
24%
24/7 July 18 Raw Doudrop
24%
24/7 August 21 Live event Shawn Bennett
13%
24/7 September 24 Live event Daphanie LaShaunn
12%
24/7 September 10 Live event Eddie Orengo
12%
No matching quizzes found
Score Distribution
Percent of People with Each Score
Percentile by Number Answered
Your Score History
You have not taken this quiz since the last reset